000 00421nam a22001457a 4500
999 _c40973
_d40973
003 OSt
005 20210224113705.0
008 210224b ||||| |||| 00| 0 eng d
020 _a9789351447344
040 _coclc
082 _a954
_bGKP/U
245 _aUGC History Papers II & III NET/SET /
_cG K Publications
260 _aNoida:
_bG K Publications,
942 _2ddc
_cBK
_h954
_iGKP/U
_k954
_mGKP/U